Central Library and Information Centre
Sibsagar Girls' College, Sivasagar : Assam

MAPWORK AND PRACTICAL GEOGRAPHY (Record no. 7622)

MARC details
000 -LEADER
fixed length control field 00484cam a2200193ua 4500
008 - FIXED-LENGTH DATA ELEMENTS--GENERAL INFORMATION
fixed length control field 060101n II |||gr||||Z||||||eng
040 ## - CATALOGING SOURCE
Original cataloging agency MAIN
041 ## - LANGUAGE CODE
-- English
082 ## - DEWEY DECIMAL CLASSIFICATION NUMBER
Classification number 912 SIN
100 ## - MAIN ENTRY--PERSONAL NAME
Personal name SINGH, LEKHRAJ.
245 ## - TITLE STATEMENT
Title MAPWORK AND PRACTICAL GEOGRAPHY
250 ## - EDITION STATEMENT
Edition statement 1ST ED REP.
260 ## - PUBLICATION, DISTRIBUTION, ETC.
Place of publication, distribution, etc. ALLAHABAD:
Name of publisher, distributor, etc. CENTRAL BOOK DEPOT.,
Date of publication, distribution, etc. 1995.
300 ## - PHYSICAL DESCRIPTION
Extent 336:
Dimensions 24CM.
700 ## - ADDED ENTRY--PERSONAL NAME
Personal name SINGH, RAGHU NANDAN.
942 ## - ADDED ENTRY ELEMENTS (KOHA)
Koha item type Books
653 ## - INDEX TERM--UNCONTROLLED
Uncontrolled term Atlases, maps, charts & plans
Holdings
Withdrawn status Lost status Damaged status Not for loan Collection code Home library Current library Shelving location Date acquired Full call number Barcode Date last seen Copy number Price effective from Koha item type Public note
        REFGEO Central Library and Information Centre Sibsagar Girls College Central Library and Information Centre Sibsagar Girls College GEOGRAPHY BOOK RACK 19.06.1995 912 SIN 13262 27.02.2020 2 27.02.2020 Books V
        REFGEO Central Library and Information Centre Sibsagar Girls College Central Library and Information Centre Sibsagar Girls College GEOGRAPHY BOOK RACK 05.02.1997 912 SIN 14977 27.02.2020 1 27.02.2020 Books V


Sibsagar Girl's College © 2020. All rights reserved.
Powered by Koha.
Maintained by Abhijit Borpuzari.